Interprètes du docteur (Doctor Who) - Statistiques

Statistiques générales
  • Ce quiz a été pris 357 fois
  • Le résultat moyen est 9 sur 14
Statistiques - réponses
Acteur % Correct
11 Matt Smith
96%
12 Peter Capaldi
94%
10 David Tennant
93%
9 Christopher Eccleston
81%
Guerre John Hurt
71%
13 Jodie Whittaker
69%
4 Tom Baker
59%
1 William Hartnell
56%
6 Colin Baker
51%
7 Sylvester McCoy
46%
8 Paul McGann
44%
5 Peter Davison
44%
3 Jon Pertwee
40%
2 Patrick Troughton
39%
Aucun quiz correspondant
Distribution des résultats
% des personnes avec chaque résultat
Percentile par nombre de réponses
Votre historique - résultats
Vous n’avez pas pris ce quiz